Man in Biosphere: (Record no. 192718)

MARC details
000 -LEADER
fixed length control field 00573nam a22001697a 4500
010 ## - LCCN (DPL NO)
LC control number ENG-135267
020 ## - INTERNATIONAL STANDARD BOOK NUMBER
International Standard Book Number 9789386578266
Terms of availability 1125.00
035 ## - SYSTEM CONTROL NUMBER
System control number EN-118799
037 ## - SOURCE OF ACQUISITION
Source of stock number/acquisition DBAD/PUB
082 ## - DEWEY DECIMAL CLASSIFICATION NUMBER
Classification number 304.20954
245 ## - TITLE STATEMENT
Title Man in Biosphere:
Remainder of title case studies on gulf of mannar biosphere reserve and agasthyamalai biosphere reserve/
Statement of responsibility, etc edited by Samit Ghosal
260 ## - PUBLICATION, DISTRIBUTION, ETC. (IMPRINT)
Place of publication, distribution, etc Delhi
Name of publisher, distributor, etc Boolwell
Date of publication, distribution, etc 2018
270 ## - ADDRESS
City Delhi
Postal code 110009
Address 3/79,Nirankari Colony,
300 ## - PHYSICAL DESCRIPTION
Extent xvi,261p.:
Dimensions 24cm(Hb)
Other physical details illus.
700 ## - ADDED ENTRY--PERSONAL NAME
Personal name Ghosal,Samit
942 ## - ADDED ENTRY ELEMENTS (KOHA)
Source of classification or shelving scheme Dewey Decimal Classification
Item type English Books
Classification part 304.20954
Call number suffix MAN
Holdings
Withdrawn status Lost status Not for loan Collection code Home library Current library Date acquired Source of acquisition Cost, normal purchase price Full call number Barcode Copy number Cost, replacement price Koha item type
      Non-fiction Bawana Bawana 30/09/2022 DBAD/PUB 1125.00 304.20954 MAN EN-118799 1 1125.00 English Books

© Delhi Public Library
Hit Counter
free hit counter